|
|
|
|
| LEADER |
00000nam0a2200000 4500 |
| 001 |
57735 |
| 005 |
20231031054428.0 |
| 035 |
|
|
|a (RuTPU)RU\TPU\book\60957
|
| 090 |
|
|
|a 57735
|
| 100 |
|
|
|a 20031117d1977 km y0rusy50 ca
|
| 101 |
0 |
|
|a rus
|
| 102 |
|
|
|a RU
|
| 105 |
|
|
|a a z 000zy
|
| 200 |
1 |
|
|a Радиолюбительские измерительные приборы на транзисторах
|f Д. А. Демиденко, Д. А. Кругликов
|
| 210 |
|
|
|a Москва
|c Изд-во ДОСААФ СССР
|d 1977
|
| 215 |
|
|
|a 144 с.
|c ил.
|
| 610 |
1 |
|
|a радиотехника
|
| 610 |
1 |
|
|a радиоизмерительные приборы
|
| 610 |
1 |
|
|a любительские конструкции
|
| 610 |
1 |
|
|a любительские схемы
|
| 610 |
1 |
|
|a самодельные изделия
|
| 610 |
1 |
|
|a полупроводниковые приборы
|
| 610 |
1 |
|
|a постоянный ток
|
| 610 |
1 |
|
|a переменный ток
|
| 610 |
1 |
|
|a измерения
|
| 610 |
1 |
|
|a измерительные генераторы
|
| 610 |
1 |
|
|a электроннолучевые осциллографы
|
| 675 |
|
|
|a 621.396.08
|v 3
|
| 675 |
|
|
|a 621.382.3
|v 3
|
| 700 |
|
1 |
|a Демиденко
|b Д. А.
|g Дмитрий Андреевич
|
| 701 |
|
1 |
|a Кругликов
|b Д. А.
|g Дмитрий Аронович
|
| 801 |
|
1 |
|a RU
|b 63413507
|c 20031117
|g PSBO
|
| 801 |
|
2 |
|a RU
|b 63413507
|c 20221205
|g PSBO
|
| 942 |
|
|
|c BK
|